000 00315nam a2200121 i 4500
001 bg
245 0 _aPrace Instytutu Technologii i Organizacji Produkcji Budowlanej Politechniki...Z.16.
260 _aWarszawa,
_c1982.
040 _cBPK
041 _apol
942 _cKS
008 s pl f |000 0 pol
999 _c21019
_d21019
856 _uhttp://koha.tu.koszalin.pl/cgi-bin/koha/opac-detail.pl?biblionumber=21019
_yKatalog online BPK